000 00602nam a2200241 i 4500
001 C2-0027528
003 PPAK
005 20190630222007.0
008 970204s1990 enk |||| ||||| | eng d
020 _a0749303557
040 _aPPAK
_beng
_cPPAK
_erda
082 0 4 _a650
_223
090 0 0 _a650
_bDRU
_dG
100 1 _aDrucker, Peter F.,
_eauthor
245 1 4 _aThe new realities
264 1 _aLondon :
_bMandarin ,
_c1990
300 _a362 pages ;
_c20 cm
336 _2rdacontent
_atext
337 _2rdamedia
_aunmediated
338 _2rdacarrier
_avolume
650 1 0 _aBusiness
942 _ddc
_cB
999 _c4916
_d4916